000 00310nam a22001337a 4500
008 190305b xxu||||| |||| 00| 0 eng d
020 _a9780321311399
041 _aeng
080 _a004
100 _a28
101 _aSHK
245 _aThe Best-Practice Guide to XHTML & CSS
_cGriffiths,P
942 _2udc
_cBK
999 _c54496
_d54496